Aprender a rezar na era da técnica (Registo nº 1392)

Detalhes MARC
000 -Etiqueta do registo
Cabeçalho 00802nam0a2200253 4500
005 - Identificador da versão
Campo de controlo 20240813121835.0
010 ## - Número internacional normalizado dos livros (ISBN)
Número (ISBN) 9789722119580
021 ## - Número do Depósito Legal
Código do país PT
Número 269143/07
100 ## - Dados gerais de processamento
Dados gerais de processamento 20150428d2007 m y0pory5003 ba
102 ## - Pais de publicação ou produção
País de publicação Portugal
101 0# - Língua de publicação
Língua do texto, banda sonora, etc. Português
215 ## - Descrição física 
Indicação específica da natureza do documento e extensão da espécie 383, [7] p
200 1# - Titulo e menção de responsabilidade
Título próprio Aprender a rezar na era da técnica
Informação de outro título posição no mundo de Lenz Buchmann
-- romance
Primeira menção de responsabilidade Gonçalo M. Tavares
225 2# - Colecção 
Título próprio da colecção O campo da palavra
Nome de uma parte ou secção Cadernos de Gonçalo M. Tavares
-- Livros pretos
Indicação de volume 23
205 ## - Menção da edição
Menção da edição 3ª ed
210 ## - Publicação, Distribuição, etc. 
Lugar da edição, distribuição, etc. Alfragide
Nome do editor, distribuidor, etc. Caminho
Data da publicação, distribuição, etc. cop. 2007
606 ## - Nome comum usado como assunto
Número de registo de entrada de autoridade 0002005
Palavra de ordem Literatura portuguesa
Subdivisão de assunto Romance
Código do sistema CA
675 ## - Classificação Decimal Universal (CDU)
Notação 821.134.3-31
Edição 3ª ed.
Língua da edição por
700 #1 - Nome de autor-pessoa física (responsabilidade principal)
Número de registo de entrada de autoridade 0001858
Palavra de ordem Tavares
Outra parte do nome não tomada para palavra de ordem Gonçalo M
Datas 1970-
966 ## - Identificação da Biblioteca
Sigla EB2,3ENM
942 ## - Elementos de entrada adicionados (Koha)
Tipo de item no Koha Livro
Exemplares
Situação do levantamento Origin of item (home branch) (coded) Biblioteca de empréstimo Código de barras Cota Circulation type (not for loan) Tipo de documento Nota do exemplar Damaged status
  Biblioteca Escolar Eng. Nuno Mergulhão Biblioteca Escolar Eng. Nuno Mergulhão BENM3457 82LP-3 TAV   Livro Sem mensagem